000 00911nas a2200313 4500
001 BR0800164
003 BR-BrBNA
005 20231205111423.0
007 ta
008 230509b bl.|||p| |||| 00| 00por d
040 _aBR-BrBNA
_bpor
_cBiblioteca Nacional de Agricultura
041 _a(Pt)
072 _aH20
100 1 _aMalavolta Jr., V.A.
100 1 _aAlmeida, I.M.G.
100 1 _aMalavolta, V.M.A.
100 1 _aSinigaglia, C.
245 1 _aOcorrência de bactérias em rúcula no Brasil
650 _aPLANTIO
650 _aRÚCULA
650 _aANÁLISE BACTERIANA
650 _aERWINIA CAROTOVARA
650 _aLESÃO FOLIAR
650 _aPODRIDÃO MOLE
650 _aPSEUDOMONAS SYRINGAE
773 0 _tArquivos do Instituto Biológico (Brazil)
_xISSN 0020-3653
_g(Jan-Jun 1999), v. 66(1) p. 39-42
_wBR0800164
909 _a202311
_bLúcia
_c55
_dLúcia Elande
942 _2AGRIS
_n0
_cANA
999 _c192618
_d192618